|
|
|
|
| LEADER |
00000nam a22000007a 4500 |
| 005 |
20130327184810.0 |
| 007 |
cr|||| |||| |
| 008 |
130327c2012 ck |||||s|||| 00||0 spa d |
| 020 |
|
|
|a 978-958-738-254-9
|
| 035 |
|
|
|a 9157
|
| 040 |
|
|
|a vLex
|
| 090 |
|
|
|c 4068
|d 4068
|
| 100 |
1 |
0 |
|a Restrepo Medina, Manuel Alberto
|
| 245 |
1 |
0 |
|a Globalizacin̤ del derecho administrativo, estado regulador y eficacia de los derechos
|c / Manuel Alberto Restrepo Medina, Lina Marcela Escobar Martn̕ez
|h [Recurso electrn̤ico]
|
| 256 |
|
|
|a Servicio en ln̕ea
|
| 260 |
|
|
|a Bogot ̀:
|b Editorial Universidad de Rosario (Colombia),
|c 2012
|
| 300 |
|
|
|a 1 Recurso electrn̤ico
|
| 700 |
1 |
0 |
|a Escobar Martn̕ez, Manuel Alberto
|
| 740 |
|
|
|a vLex Libros (Servicio en ln̕ea)
|
| 856 |
|
|
|a Acceso restringido
|u http://www.vlex.com/source/9157
|
| 942 |
|
|
|c BOOK
|
| 999 |
|
0 |
|a Administrative law
|